El diablo sabe mi nombre
Guardado en:
| Autor principal: | |
|---|---|
| Formato: | Libro |
| Lenguaje: | Spanish |
| Publicado: |
San José, Costa Rica
Uruk
2008
|
| Colección: | Sulayom
11 |
| Materias: | |
| Etiquetas: |
Agregar Etiqueta
Sin Etiquetas, Sea el primero en etiquetar este registro!
|
MARC
| LEADER | 00000nam a22000007a 4500 | ||
|---|---|---|---|
| 007 | ta | ||
| 008 | 140523s2008 es |||f |||| 000 f spa d | ||
| 020 | |a 9789977952468 | ||
| 082 | |a ES863.4 E74d | ||
| 100 | 1 | |a Escudos, Jacinta |d 1961- | |
| 245 | 1 | 3 | |a El diablo sabe mi nombre |c Jacinta Escudos |
| 260 | |a San José, Costa Rica |b Uruk |c 2008 | ||
| 300 | |a 102 páginas | ||
| 490 | 0 | |a Sulayom |v 11 | |
| 650 | 1 | 7 | |a LITERATURA SALVADOREÑA |v NOVELA |
| 942 | |2 ddc |c BK | ||
| 999 | |c 3263 |d 3263 | ||



